Normal view
MARC view
- Benítez Castañeda, Marcos M.
Entry Nombre Personal
001 - NUMERO DE CONTROL
- campo de control: 44585
003 - IDENTIFICADOR DE NUMERO DE CONTROL
- campo de control: MX-MxUPN
005 - FECHA Y HORA DE LA ÜLTIMA TRANSACCIÓN
- campo de control: 20220527082508.0
008 - DATOS DE LONGITUD FIJA
- campo de control de longitud fija: 220527|| aca||aabn | a|a d
040 ## - FUENTE DE CATALOGACIÓN
- Agencia original de catalogación: MX-MxUPN
- Lenguaje de catalogación: spa
- Agencia de transcripción: MX-MxUPN
100 1# - ENCABEZAMIENTO - NOMBRE PERSONAL
- Nombre personal: Benítez Castañeda, Marcos M.
670 ## - FUENTE EN LA QUE SE LOCALIZARON DATOS
- Cita de la fuente: Nuevas matemáticas 1 : primer curso de matemáticas para educación secundaria, 1994:
- Información localizada: portada (Ana Ma. Robles de Arriaga)
902 ## - CATALOGADOR
- Catalogador: VRC/270522
